Esperanza viva (Registro nro. 4651)
[ vista simple ]
| 000 -CABECERA | |
|---|---|
| campo de control de longitud fija | 00727nam a22002655a 4500 |
| 001 - NÚMERO DE CONTROL | |
| campo de control | 001369352 |
| 003 - IDENTIFICADOR DEL NÚMERO DE CONTROL | |
| campo de control | AR-RoIUNI |
| 005 - FECHA Y HORA DE LA ÚLTIMA TRANSACCIÓN | |
| campo de control | 20190520140137.0 |
| 007 - CAMPO FIJO DE DESCRIPCIÓN FÍSICA--INFORMACIÓN GENERAL | |
| campo de control de longitud fija | ta |
| 008 - DATOS DE LONGITUD FIJA--INFORMACIÓN GENERAL | |
| campo de control de longitud fija | 160902s2015 ag r spa |
| 015 ## - NÚMERO DE BIBLIOGRAFÍA NACIONAL | |
| Número de bibliografía nacional | AR-2015 |
| 020 ## - NÚMERO INTERNACIONAL ESTÁNDAR DEL LIBRO | |
| Número Internacional Estándar del Libro | 9789875675209 |
| 040 ## - FUENTE DE LA CATALOGACIÓN | |
| Centro catalogador/agencia de origen | AR-BaBN |
| Centro/agencia transcriptor | AR-RoIUNI |
| 044 ## - CÓDIGO DEL PAÍS DE LA ENTIDAD EDITORA/PRODUCTORA | |
| Código MARC del país | ag |
| Código ISO del país | ar-c |
| 080 ## - NÚMERO DE LA CLASIFICACIÓN DECIMAL UNIVERSAL | |
| Número de la Clasificación Decimal Universal | 2 ESP |
| 245 10 - MENCIÓN DE TÍTULO | |
| Título | Esperanza viva |
| Resto del título | Nuestra misión es servir |
| 250 ## - MENCIÓN DE EDICIÓN | |
| Mención de edición | 1a. ed. |
| 260 ## - PUBLICACIÓN, DISTRIBUCIÓN, ETC. (PIE DE IMPRENTA) | |
| Lugar de publicación, distribución, etc. | Buenos Aires : |
| Nombre del editor, distribuidor, etc. | Asociación Casa Editora Sudamericana, |
| Fecha de publicación, distribución, etc. | 2009 |
| 300 ## - DESCRIPCIÓN FÍSICA | |
| Extensión | 112 p. |
| Dimensiones | 28 cm. |
| 650 10 - PUNTO DE ACCESO ADICIONAL DE MATERIA--TÉRMINO DE MATERIA | |
| 9 (RLIN) | 98 |
| Término de materia o nombre geográfico como elemento inicial | Religión |
| 930 #1 - EQUIVALENCIA O REFERENCIA CRUZADA-ENCABEZAMIENTO DE TÍTULO UNIFORME [LOCAL, CANADÁ] | |
| Lenguaje de la obra | BNA01 |
| Medio de interpretación para música | LIBRO |
| Enlace | 01039077 |
| Enlace entre campo y número de secuencia | 20160902 |
| Fecha de publicación/de la obra | 11 |
| 942 ## - ELEMENTOS DE PUNTO DE ACCESO ADICIONAL (KOHA) | |
| Fuente del sistema de clasificación o colocación | Clasificación Decimal Universal |
| Tipo de ítem Koha | Libros |
| 956 ## - LOCALIZACIÓN Y ACCESO ELECTRÓNICOS LOCAL (OCLC) | |
| Nombre del host | EOCAMPO |
| Número de acceso | 10 |
| Información sobre la compresión | 20160902 |
| Proceso de conexión (Logon) | BNA01 |
| Procesador de la petición | 1437 |
| 956 ## - LOCALIZACIÓN Y ACCESO ELECTRÓNICOS LOCAL (OCLC) | |
| Nombre del host | LCUCURELL |
| Número de acceso | 20 |
| Información sobre la compresión | 20161026 |
| Proceso de conexión (Logon) | BNA01 |
| Procesador de la petición | 1809 |
| Estado de retiro | Estado de pérdida | Fuente del sistema de clasificación o colocación | Estado dañado | Excepción de préstamo | Código de colección | Localización permanente | Ubicación/localización actual | Ubicación en estantería | Fecha de adquisición | Número de inventario | Total de préstamos | Signatura topográfica completa | Código de barras | Fecha visto por última vez | Precio válido a partir de | Tipo de ítem Koha |
|---|---|---|---|---|---|---|---|---|---|---|---|---|---|---|---|---|
| Clasificación Decimal Universal | Metodología | BIBLIOTECA CENTRAL | BIBLIOTECA CENTRAL | BIBLIOTECA CENTRAL | 20/05/2019 | 5594 | 2 ESP | 5594c | 20/05/2019 | 20/05/2019 | Libros |

